LEADER 01611nam a2200325 u 4500 001 000000014338 003 CaOOAMICUS 005 20070226105744.0 008 941210s1993 it u000 u ita u 020 $a8871046838 035 $a10339271 040 $aEFR(R)$bita 041 0 $aita$afre$aspa$ager 110 2 $aAccademia romanistica costantiniana.$bConvegno internazionale$n(9 :$d1989 :$cSpello).$0(OLS)http://pul/name/13313 245 10$aAtti dell'Accademia Romanistica Costantiniana :$bIX convegno internazionale. 260 $aNapoli :$bEdizioni scientifiche italiane,$c1993. 300 $a536 p. ;$c24 cm 500 $aIn testa al front.: Università degli studi di Perugia, Facoltà di giurisprudenza. 504 $aContains bibliographical references. 650 4$aDiritto romano$xCongressi.$0(OLS)http://pul/subject/9513 650 0$aRoman law$xHistory$xCongresses.$2//eng$0(OLS)http://pul/subject/3932 650 0$aProperty (Roman law)$xCongresses.$2//eng$0(OLS)http://pul/subject/10084 710 2 $aUniversità degli studi di Perugia.$bFacoltà di giurisprudenza.$0(OLS)http://pul/name/13314 850 $aPUL 852 $aPUL$W1$xSL Diritto e Scienze Sociali 1$y4$m195 B 9$j20139$nBK-PRI$b $qStampati$B20139$CPULBib$Z2$F20139 $H $81 941 1 $a8 961 $aINV: 70900 996 $6020$a8871046838$9(OLS)http://pul/number/18233 996 $6245$aAtti dell'Accademia Romanistica Costantiniana :$bIX convegno internazionale$9(OLS)http://pul/title/20625 996 $6260$aNapoli :$bEdizioni scientifiche italiane$9(OLS)http://pul/publisher/48388 LEADER 01860nam a2200325 u 4500 001 000000077015 003 CaOOAMICUS 005 20180129154920.0 008 040115s2000 it u000 u ita u 032 $aLibriCat 035 $a10980987 040 $aPUL(R)$bita 100 1 $aFrezza, Paolo.$0(OLS)http://pul/name/1764 240 10$aOpere$9(Frezza, Paolo).$0(OLS)http://pul/title/100936 245 10$aScritti /$cPaolo Frezza ; a cura di Francesco Amarelli ed Emilio Germino ; con una testimonianza di Francesco Paolo Casavola. 260 $aRomae :$bPontificia Universitas Lateranensis :$bMursia,$c2000. 300 $a3 v. ;$c26 cm 490 1 $aStudia et Documenta. Sectio Iuris Romani et Historiae Iuris ;$v4 700 1 $aAmarelli, Francesco,$d1944-$0(OLS)http://pul/name/23830 700 1 $aGermino, Emilio.$0(OLS)http://pul/name/86210 700 1 $aCasavola, Francesco Paolo.$0(OLS)http://pul/name/28414 830 0$aStudia et documenta (Pontificia Università lateranense. Pontificium Institutum Utriusque Iuris).$pSectio iuris romani et historiae iuris ;$v5.$0(OLS)http://pul/title/55458 850 $aPUL 852 $aPUL$W1$xSL Diritto e Scienze Sociali 3$y79$m340. 54 COLL 1.2.4.3$j98914$nBK-PRI$bv. 3$qDDC 21$B98916$CPULBib$Z2$F98916 $H91878 $81 852 $aPUL$W1$xSL Diritto e Scienze Sociali 3$y79$m340. 54 COLL 1.2.4.1$j189790$nBK-PRI$bV. 1$qDDC 21$B98914$CPULBib$Z2$F98914 $H91876 $81 852 $aPUL$W1$xSL Diritto e Scienze Sociali 3$y79$m340. 54 COLL 1.2.4.2$j189792$nBK-PRI$bv. 2$qDDC 21$B98915$CPULBib$Z2$F98915 $H91877 $81 941 1 $a9 996 $6245$aScritti$9(OLS)http://pul/title/72840 996 $6260$aRomae :$bPontificia Universitas Lateranensis :$bMursia$9(OLS)http://pul/publisher/74939